Online
Catalog

La renovación dominicana / (Record no. 27225)

MARC details
000 -CABECERA
campo de control de longitud fija 00619nam a2200181 a 4500
001 - NÚMERO DE CONTROL
campo de control 000027733
003 - IDENTIFICADOR DEL NÚMERO DE CONTROL
campo de control DO-SdBNP
005 - FECHA Y HORA DE LA ÚLTIMA TRANSACCIÓN
campo de control 20211104113251.0
008 - DATOS DE LONGITUD FIJA--INFORMACIÓN GENERAL
campo de control de longitud fija 110404s193u dr 000 0 spa d
040 ## - FUENTE DE LA CATALOGACIÓN
Centro catalogador/agencia de origen DO-SdBNP
Lengua de catalogación spa
Centro/agencia transcriptor BNPHU
082 #4 - NÚMERO DE LA CLASIFICACIÓN DECIMAL DEWEY
Número de clasificación xxxx
Número de documento/Ítem R758r
Número de edición 22
100 1# - ENTRADA PRINCIPAL--NOMBRE DE PERSONA
Nombre de persona Román, Miguel A.
9 (RLIN) 54811
245 13 - MENCIÓN DE TÍTULO
Título La renovación dominicana /
Mención de responsabilidad, etc. Miguel A. Román, prólogo R. Suárez Vásquez.
260 ## - PUBLICACIÓN, DISTRIBUCIÓN, ETC.
Lugar de publicación, distribución, etc. Santiago de los Caballeros, República Dominicana :
Nombre del editor, distribuidor, etc. Talleres Linotipográficos de la Información,
Fecha de publicación, distribución, etc. [1934].
300 ## - DESCRIPCIÓN FÍSICA
Extensión 89 p. ;
Dimensiones 23 cm.
700 12 - PUNTO DE ACCESO ADICIONAL--NOMBRE DE PERSONA
Nombre de persona Suáres Vásquez, R.,
Término indicativo de función/relación pról.
9 (RLIN) 54812
942 ## - ELEMENTOS DE PUNTO DE ACCESO ADICIONAL (KOHA)
Fuente del sistema de clasificación o colocación Dewey Decimal Classification
Tipo de ítem Koha Libro
Holdings
Estado de retiro Estado de pérdida Restricciones de uso No para préstamo Código de colección Localización permanente Ubicación/localización actual Ubicación en estantería Fecha de adquisición Número de inventario Total de préstamos Signatura topográfica completa Código de barras Fecha visto por última vez Precio válido a partir de Tipo de ítem Koha Número de copia Nota pública
      Excluido de préstamo Raros y valiosos Patrimonio Dominicano Patrimonio Dominicano En catalogación 04.04.2011 LF1   xxxx R758r 27733-10 25.06.2020 25.06.2020 No se presta    
      Excluido de préstamo Raros y valiosos Patrimonio Dominicano Patrimonio Dominicano En catalogación 08.06.2011 LF1   xxxx R758r 27733-20 25.06.2020 25.06.2020 No se presta e. 2 Perteneció a la biblioteca personal de Martínez Boog
      Excluido de préstamo Raros y valiosos Patrimonio Dominicano Patrimonio Dominicano En catalogación 30.05.2011 LF1   30792-10 25.06.2020 25.06.2020 No se presta   Perteneció a la biblioteca personal de Martínez Boog

Powered by Koha